Miasta województwa Podlaskiego według opisu - Statystyki

Ogólne statystyki
  • Ten quiz został rozwiązany 42 razy
  • Średni wynik to 4 z 8
Statystyki odpowiedzi
Opis Miasto % Poprawnych
Miasto i nazwa piwa. Łomża
95%
Słynie ze szpitala psychiatrycznego. Choroszcz
82%
Miasto rządzone przez Tadeusza Truskolaskiego,leżące na rzeką Białą Białystok
74%
Z białoruskiego - Сураж, jedno z najmniejszych miast w Polsce, liczy nie całe tysiąc mieszkańców Suraż
58%
Miasto ma taką identyczną nazwę jak to leżące w Niemczech w Saksonii Lipsk
53%
Ma taką samą nazwę jak miasto w Rosji, tylko, że tam został dodany przymiotnik "Wielki" Nowogród
32%
W tym mieście urodził się Rajmund Kaczyński, ojciec Lecha oraz Jarosława Grajewo
29%
Znajduje się tam siedziba Parku Krajobrazowego Puszczy Knyszyńskiej Supraśl
26%
Nie znaleziono quizów pasujących do podanych kryteriów
Rozkład punktacji
Procent ludzi z każdym wynikiem
Percentyl według liczby udzielonych odpowiedzi
Twoja historia wyników
Nie rozwiązałeś tego quizu